Remember me / (Record no. 614472)

000 -LEADER
fixed length control field 01169cam a2200337 a 4500
001 - CONTROL NUMBER
control field 4905119
005 - DATE AND TIME OF LATEST TRANSACTION
control field 20250725112514.0
008 - FIXED-LENGTH DATA ELEMENTS--GENERAL INFORMATION
fixed length control field 940225s1994 nyu 000 1 eng
010 ## - LIBRARY OF CONGRESS CONTROL NUMBER
LC control number 94008762
020 ## - INTERNATIONAL STANDARD BOOK NUMBER
International Standard Book Number 0671867083 :
Terms of availability $23.50 ($29.50 Can.)
020 ## - INTERNATIONAL STANDARD BOOK NUMBER
International Standard Book Number 9780671867089
035 ## - SYSTEM CONTROL NUMBER
System control number 4905119
040 ## - CATALOGING SOURCE
Original cataloging agency DLC
Transcribing agency DLC
Modifying agency DLC
043 ## - GEOGRAPHIC AREA CODE
Geographic area code n-us-ma
050 00 - LIBRARY OF CONGRESS CALL NUMBER
Classification number PS3553.L287
Item number R46 1994
082 00 - DEWEY DECIMAL CLASSIFICATION NUMBER
Classification number 813/.54
Edition number 20
100 1# - MAIN ENTRY--PERSONAL NAME
Personal name Clark, Mary Higgins.
9 (RLIN) 11983
245 10 - TITLE STATEMENT
Title Remember me /
Statement of responsibility, etc. Mary Higgins Clark.
260 ## - PUBLICATION, DISTRIBUTION, ETC.
Place of publication, distribution, etc. New York :
Name of publisher, distributor, etc. Simon & Schuster,
Date of publication, distribution, etc. c1994.
300 ## - PHYSICAL DESCRIPTION
Extent 306 p. ;
Dimensions 25 cm.
336 ## - CONTENT TYPE
Content type term text
Content type code txt
Source rdacontent
337 ## - MEDIA TYPE
Media type term unmediated
Media type code n
Source rdamedia
338 ## - CARRIER TYPE
Carrier type term volume
Carrier type code nc
Source rdacarrier
650 #0 - SUBJECT ADDED ENTRY--TOPICAL TERM
Topical term or geographic name entry element Married people
General subdivision Fiction.
9 (RLIN) 130136
651 #0 - SUBJECT ADDED ENTRY--GEOGRAPHIC NAME
Geographic name Cape Cod (Mass.)
General subdivision Fiction.
9 (RLIN) 130137
655 #7 - INDEX TERM--GENRE/FORM
Genre/form data or focus term Detective and mystery stories.
Source of term gsafd
906 ## - LOCAL DATA ELEMENT F, LDF (RLIN)
a 7
b cbc
c orignew
d 1
e ocip
f 19
g y-gencatlg
942 ## - ADDED ENTRY ELEMENTS (KOHA)
Source of classification or shelving scheme
Koha item type Book
Holdings
Withdrawn status Lost status Source of classification or shelving scheme Damaged status Not for loan Permanent Location Current Location Date acquired Total Checkouts Full call number Barcode Date last seen Date last checked out Price effective from Koha item type
          Central Library (CL) Central Library (CL) 07/25/2025 1 813.54 CLA CL-D-3015 09/23/2025 09/15/2025 07/25/2025 Book
© 2023 Central Library, National University of Sciences and Technology. All Rights Reserved.